<?xml version="1.0" encoding="UTF-8"?>
<collection xmlns="http://www.loc.gov/MARC21/slim">
 <record>
  <leader>00442pamaa2200145   4500</leader>
  <controlfield tag="001">0000020514</controlfield>
  <controlfield tag="005">20061211090000.0</controlfield>
  <datafield tag="020" ind1="0" ind2="0">
   <subfield code="a">0253336023 </subfield>
  </datafield>
  <datafield tag="090" ind1="0" ind2="0">
   <subfield code="a">PS3503.O95 </subfield>
   <subfield code="b">BOW 1987</subfield>
  </datafield>
  <datafield tag="100" ind1="1" ind2="0">
   <subfield code="a">BOWLES </subfield>
  </datafield>
  <datafield tag="245" ind1="1" ind2="0">
   <subfield code="a">Louise Bogan's aesthetic of limition  </subfield>
   <subfield code="c">Gloria Bowles.</subfield>
  </datafield>
  <datafield tag="260" ind1="0" ind2="0">
   <subfield code="a">Bloomington: </subfield>
   <subfield code="b">Indiana University Press, </subfield>
   <subfield code="c">1987.</subfield>
  </datafield>
  <datafield tag="300" ind1=" " ind2=" ">
   <subfield code="a">ix, 156p.; </subfield>
   <subfield code="c">24cm.</subfield>
  </datafield>
  <datafield tag="600" ind1="1" ind2="0">
   <subfield code="a">Bogan, Louise, </subfield>
   <subfield code="d">1987-1970</subfield>
  </datafield>
  <datafield tag="650" ind1="0" ind2="0">
   <subfield code="a">Feminism and literature -- </subfield>
   <subfield code="z">United States </subfield>
  </datafield>
 </record>
</collection>
